| 000 | 00685nab a2200241 a 4500 | ||
|---|---|---|---|
| 001 | 58950 | ||
| 003 | 130674 | ||
| 005 | 20201118105558.0 | ||
| 008 | ||||||n9999 ||| || || | ||
| 041 | _aspa | ||
| 100 | _aChamoles de Mazer, Nora R. | ||
| 245 | 0 |
_aLa proteccion legal del software : _bpp.43-49 |
|
| 260 |
_aBuenos Aires : _bContabilidad Moderna, _c1984. |
||
| 562 | _e0 | ||
| 650 | _aANÁLISIS JURÍDICO | ||
| 650 | _aARGENTINA | ||
| 650 | _aLEGISLACIÓN | ||
| 650 | _aPROGRAMAS DE COMPUTADORA | ||
| 650 | _aPROPIEDAD INTELECTUAL | ||
| 650 | _aPROTECCIÓN DE LOS DERECHOS | ||
| 773 |
_053256 _aAdministracion de empresas - Vol.15 No.169 (1984) |
||
| 942 | _cSART | ||
| 999 |
_c58950 _d58950 |
||